000 01069nam a2200313 i 4500
001 67422
003 ES-MaACL
005 20250827062612.0
007 t|
008 040525s2003 sp ||||0| spa d
020 _a84-470-2012-6
040 _aM-BN
_bspa
_cM-BN
080 _a368.032:351.824(460)"19/20"(094.5)
110 1 _aEspaña
_93622
240 1 0 _aLeyes, etc., de seguros
245 1 0 _aLegislación de seguros /
_cedición preparada por José Ramón del Caño Palop, Ana Antelo Suárez.
250 _a9ª ed
_bact. por la redacción de Civitas.
260 _aMadrid :
_bCivitas,
_c2003.
300 _a851 p. ;
_c17 cm.
490 1 _aBiblioteca de legislación ;
_v20
500 _a"Thomson"
650 1 7 _aDerecho de los seguros
_2embne
_911697
700 1 _aCaño Palop, José Ramón del.
_934770
700 1 _aAntelo Suárez, Ana.
_921871
830 0 _aBiblioteca de legislación ;
_v20
_9177899
852 _aES-MaACL
_jA-15306
_9 69938
_cDEPO1
_dOlim: L 368.032 "2003" ESP
_dOlim: Meseton
942 _2udc
999 _c67422
_d67422